The World's 50 Largest Cities by Letter - V - Statistics

General Stats
  • This quiz has been taken 973 times
  • The average score is 20 of 50
Answers on the Map
Answers color-coded by a green-red scale on the quiz's map according to % correct below.
 
Answer Stats
# Population Country Urban Area % Correct
23 603,112 Turkey Van
98%
2 2,971,853 Canada Vancouver
98%
3 2,565,196 Austria Vienna
97%
5 1,916,932 Spain Valencia
95%
6 1,916,600 Venezuela Valencia
95%
29 479,905 Malta Valletta
88%
35 391,880 Italy Venice
85%
21 631,243 Lithuania Vilnius
85%
19 728,871 Russia Vladivostok
76%
9 1,656,882 United States Virginia Beach
75%
12 1,402,254 Russia Volgograd
75%
26 526,298 Italy Verona
73%
17 859,010 Laos Vientiane
73%
33 434,429 Canada Victoria
63%
39 372,157 Bulgaria Varna
62%
15 1,062,382 Chile Valparaíso
61%
36 388,159 Spain Valladolid
54%
1 4,870,174 India Varanasi
54%
27 485,615 Spain Vigo
54%
14 1,127,100 Russia Voronezh
53%
16 939,046 Mexico Veracruz
50%
7 1,915,390 Brazil Vitória
40%
8 1,913,137 India Visakhapatnam
34%
4 2,428,902 India Vadodara
32%
32 439,431 Belarus Vitebsk
32%
44 349,951 Russia Vladimir
30%
47 318,735 Italy Vicenza
25%
49 286,423 France Valence
22%
38 372,708 France Valenciennes
22%
11 1,547,815 India Vijayawada
21%
31 457,186 Ukraine Vinnytsia
21%
34 396,815 Russia Vladikavkaz
21%
45 321,025 Russia Vologda
21%
48 311,516 United States Visalia
20%
18 833,907 Mexico Villahermosa
18%
42 355,816 United States Victorville
17%
13 1,291,754 India Vellore - Ranipet
11%
25 531,600 Colombia Villavicencio
11%
30 460,230 Vietnam Vinh
11%
24 546,634 Colombia Valledupar
10%
10 1,562,972 India Vasai-Virar
9%
20 646,422 Vietnam Vũng Tàu
8%
40 370,879 Brazil Vitória da Conquista
7%
50 277,710 Spain Vilanova i la Geltrú
6%
28 484,877 Brazil Volta Redonda
5%
22 611,492 Vietnam Vĩnh Long
4%
46 318,787 India Valsad
3%
37 385,726 India Viluppuram
3%
43 352,016 India Vizianagaram
3%
41 359,800 Tajikistan Vahdat
1%
No matching quizzes found
Score Distribution
Percent of People with Each Score
Percentile by Number Answered
Your Score History
You have not taken this quiz